000 00526nam a2200181Ia 4500
005 20250508152426.0
008 008 250505s9999 xx 000 0 eng d
037 _aBooks to be hide in OPAC
040 _aFEDL
_beng
_cFEDL
041 _aeng
_2eng
084 _a379.54142, WES
_qFEDL
245 0 _aReport on public instruction in west Bengal for the year 1953-54
245 0 _cGovernment of West Bengal
260 _c1958
300 _a201p.
942 _cHB
_h379.54142, WES
999 _c1336345
_d1336345